[Event "CZE-chT1E 1718"]
[Site "Czech Republic"]
[Date "2018.01.21"]
[Round "6.2"]
[White "Vesselovsky, Serguei"]
[Black "Zatloukal, Petr"]
[Result "1-0"]
[WhiteElo "2330"]
[BlackElo "2065"]
[PlyCount "69"]
[EventDate "2017.10.22"]
[EventType "team-tourn"]
[EventRounds "11"]
[EventCountry "CZE"]
[SourceTitle "EXT 2019"]
[Source "ChessBase"]
[SourceDate "2018.10.10"]
[SourceVersion "1"]
[SourceVersionDate "2018.10.10"]
[SourceQuality "1"]
[WhiteTeam "Frydek Mistek II"]
[BlackTeam "Grygov"]
[WhiteTeamCountry "CZE"]
[BlackTeamCountry "CZE"]

1. Nf3 Nf6 2. g3 g6 3. b3 Bg7 4. Bb2 0-0 5. Bg2 d5 6. c4 c6 7. 0-0 Nbd7 8. Qc2 b6 9. d3 Bb7 10. e4 dxe4 11. dxe4 c5 12. e5 Ng4 13. e6 Bxb2 14. Qxb2 Bxf3 15. Bxf3 Nde5 16. Bd5 Qd6 17. exf7+ Nxf7 18. Nd2 Rac8 19. Ne4 Qe5 20. Qxe5 Ngxe5 21. f4 Nc6 22. Ng5 Ncd8 23. Rae1 Rc7 24. Bxf7+ Nxf7 25. Ne6 Rd7 26. Nxf8 Kxf8 27. f5 g5 28. Rd1 Rxd1 29. Rxd1 Nd6 30. g4 h5 31. gxh5 Kg7 32. h6+ Kxh6 33. f6 Nf5 34. fxe7 Nxe7 35. Rd7 1-0

[Event "CZE-chT1E 1718"]
[Site "Czech Republic"]
[Date "2017.11.12"]
[Round "2.4"]
[White "Zatloukal, Petr"]
[Black "Kawulok, Marek"]
[Result "1/2-1/2"]
[WhiteElo "2065"]
[BlackElo "2172"]
[PlyCount "41"]
[EventDate "2017.10.22"]
[EventType "team-tourn"]
[EventRounds "11"]
[EventCountry "CZE"]
[SourceTitle "CBM 181 Extra"]
[Source "ChessBase"]
[SourceDate "2017.12.12"]
[SourceVersion "1"]
[SourceVersionDate "2017.12.12"]
[SourceQuality "1"]
[WhiteTeam "Grygov"]
[BlackTeam "Cesky Tesin"]
[WhiteTeamCountry "CZE"]
[BlackTeamCountry "CZE"]

1. e4 e5 2. Nf3 Nc6 3. Bb5 a6 4. Ba4 Nf6 5. Bxc6 dxc6 6. d3 Nd7 7. 0-0 Be7 8. Nbd2 0-0 9. Nc4 f6 10. Nh4 Nc5 11. Ne3 Ne6 12. Nef5 Nd4 13. Nxe7+ Qxe7 14. c3 Ne6 15. Nf5 Qf7 16. f4 Nxf4 17. Bxf4 Bxf5 18. Bxe5 Bg6 19. Qg4 Rad8 20. Qg3 Rd7 21. b3 1/2-1/2

[Event "Valasska Bystrice op"]
[Site "Valasska Bystrice"]
[Date "2017.09.10"]
[Round "2"]
[White "Palla, Rostislav"]
[Black "Zatloukal, Petr"]
[Result "0-1"]
[WhiteElo "1634"]
[BlackElo "2086"]
[PlyCount "44"]
[EventDate "2017.09.09"]
[EventType "swiss"]
[EventRounds "9"]
[EventCountry "CZE"]
[SourceTitle "CBM 180 Extra"]
[Source "ChessBase"]
[SourceDate "2017.10.06"]
[SourceVersion "1"]
[SourceVersionDate "2017.10.06"]
[SourceQuality "1"]

1. e4 c5 2. Nf3 Nc6 3. d4 cxd4 4. Nxd4 g6 5. Nc3 Bg7 6. Be3 Nf6 7. f3 0-0 8. Qd2 d5 9. Nxc6 bxc6 10. 0-0-0 Qc7 11. exd5 Nxd5 12. Nxd5 cxd5 13. Qxd5 Bf5 14. Qc5 Qb7 15. Qb5 Rac8 16. c3 Qc7 17. Qb4 Rb8 18. Qa3 Rxb2 19. Qxb2 Bxc3 20. Qb3 Rb8 21. Bc4 Rxb3 22. axb3 Qa5 0-1

[Event "CZE-chT1E 1516"]
[Site "Czech Republic"]
[Date "2015.12.13"]
[Round "5.7"]
[White "Zatloukal, Petr"]
[Black "Cagasik, Tomas"]
[Result "0-1"]
[WhiteElo "2102"]
[BlackElo "2193"]
[PlyCount "88"]
[EventDate "2015.10.11"]
[EventType "team-tourn"]
[EventRounds "11"]
[EventCountry "CZE"]
[SourceTitle "EXT 2017"]
[Source "ChessBase"]
[SourceDate "2016.10.25"]
[SourceVersion "1"]
[SourceVersionDate "2016.10.25"]
[SourceQuality "1"]
[WhiteTeam "Grygov"]
[BlackTeam "Kromeriz"]
[WhiteTeamCountry "CZE"]
[BlackTeamCountry "CZE"]

1. e4 c6 2. d4 d6 3. Bc4 Nf6 4. Qe2 d5 5. exd5 cxd5 6. Bd3 Nc6 7. c3 Bg4 8. Nf3 e6 9. h3 Bh5 10. Bf4 Bd6 11. Bxd6 Qxd6 12. Nbd2 a6 13. a4 0-0 14. 0-0 Rfe8 15. g4 Bg6 16. Bxg6 hxg6 17. Ne5 Nd7 18. f4 Rac8 19. a5 Qc7 20. Nb3 Ncxe5 21. fxe5 f6 22. Rae1 fxe5 23. dxe5 Nc5 24. Nxc5 Qxc5+ 25. Kg2 Qxa5 26. Qd3 Qb6 27. Qxg6 Rf8 28. Kh1 Qc6 29. Kg1 Qb6+ 30. Kh1 d4 31. cxd4 Qb3 32. Qe4 Rxf1+ 33. Rxf1 Rc2 34. Rf3 Qxb2 35. Qf4 Rc1+ 36. Rf1 Rxf1+ 37. Qxf1 Qxd4 38. Qe2 a5 39. g5 Qh4 40. Qe3 Kf7 41. Kg2 a4 42. Kf1 Qc4+ 43. Kg1 Kg6 44. Kh2 b5 0-1

[Event "CZE-chT2F 1415"]
[Site "Czech Republic"]
[Date "2015.01.25"]
[Round "6.13"]
[White "Zabystrzan, Pavel"]
[Black "Zatloukal, Petr"]
[Result "1-0"]
[WhiteElo "2248"]
[BlackElo "2134"]
[PlyCount "105"]
[EventDate "2014.11.02"]
[EventType "team-tourn"]
[EventRounds "11"]
[EventCountry "CZE"]
[SourceTitle "EXT 2022"]
[Source "ChessBase"]
[SourceDate "2021.10.06"]
[SourceVersion "1"]
[SourceVersionDate "2021.10.06"]
[SourceQuality "1"]
[WhiteTeam "Havirov Slovan"]
[BlackTeam "Grygov II"]
[WhiteTeamCountry "CZE"]
[BlackTeamCountry "CZE"]

1. Nf3 g6 2. d4 Nf6 3. g3 Bg7 4. Bg2 d5 5. c4 0-0 6. cxd5 Nxd5 7. 0-0 Nb6 8. Nc3 Nc6 9. e3 Re8 10. b3 e5 11. dxe5 Nxe5 12. Nxe5 Bxe5 13. Bb2 c6 14. Qc2 Bf5 15. e4 Bg4 16. h3 Be6 17. Rad1 Qe7 18. f4 Bg7 19. f5 gxf5 20. exf5 Qc5+ 21. Qf2 Qxf2+ 22. Rxf2 Bd7 23. Ne4 Nd5 24. Bxg7 Kxg7 25. g4 Re5 26. Nc5 Bc8 27. Nd3 Re3 28. Bxd5 cxd5 29. Nf4 b6 30. Rxd5 Re1+ 31. Kh2 Ba6 32. Rd7 Bb5 33. Rc7 Rae8 34. Rxa7 R8e4 35. a4 Be2 36. b4 Bd1 37. a5 Rxb4 38. Nd3 Ree4 39. Nxb4 Rxb4 40. Rd7 Bb3 41. a6 Ra4 42. Rb2 Bc4 43. Rxb6 Rxa6 44. Rxa6 Bxa6 45. Kg3 Bc4 46. Kf4 h6 47. h4 Bb3 48. g5 hxg5+ 49. hxg5 Bc4 50. Rc7 Bd5 51. g6 Bb3 52. Kg5 Kg8 53. Rc8+ 1-0

[Event "CZE-chT2F 1314"]
[Site "Czech Republic"]
[Date "2014.04.06"]
[Round "11.16"]
[White "Kolar, Stanislav"]
[Black "Zatloukal, Petr"]
[Result "0-1"]
[WhiteElo "2081"]
[BlackElo "2114"]
[PlyCount "128"]
[EventDate "2013.11.03"]
[EventType "team-tourn"]
[EventRounds "11"]
[EventCountry "CZE"]
[SourceTitle "EXT 2016"]
[Source "ChessBase"]
[SourceDate "2015.10.08"]
[SourceVersion "1"]
[SourceVersionDate "2015.10.08"]
[SourceQuality "1"]
[WhiteTeam "Havirov Banik"]
[BlackTeam "Prerov II"]
[WhiteTeamCountry "CZE"]
[BlackTeamCountry "CZE"]

1. e4 c6 2. d4 d5 3. e5 Bf5 4. Nf3 e6 5. Be2 Ne7 6. Nc3 c5 7. dxc5 Nec6 8. Be3 Qa5 9. 0-0 Nd7 10. Bb5 Bg4 11. h3 Bxf3 12. Qxf3 Bxc5 13. Bxc5 Nxc5 14. Qg4 0-0 15. Bxc6 bxc6 16. b4 Qa3 17. Ne2 Nd7 18. Qd4 Rfb8 19. Rfb1 c5 20. bxc5 Nxc5 21. Nf4 g6 22. h4 Rb6 23. c4 Rb4 24. Rc1 Rc8 25. Rc2 Nd7 26. Rac1 Nb6 27. Rc3 Qxa2 28. Nh5 Rbxc4 29. Nf6+ Kg7 30. Rxc4 Rxc4 31. Rxc4 Qxc4 32. Qa1 Nc8 33. Qa3 Qc6 34. h5 h6 35. hxg6 fxg6 36. Qa5 Qc1+ 37. Kh2 Qf4+ 38. Kg1 Qc1+ 39. Kh2 Qf4+ 40. Kg1 Qxe5 41. Ne8+ Kf7 42. Qd8 Qa1+ 43. Kh2 Qa6 44. Qd7+ Kf8 45. g3 Nb6 46. Qxe6 Qc8 47. Qxg6 Qxe8 48. Qxh6+ Ke7 49. g4 Nd7 50. Qe3+ Kd8 51. Qxa7 Qe5+ 52. Kg2 d4 53. Qa8+ Ke7 54. Qg8 Qe4+ 55. Kf1 d3 56. Qg7+ Ke6 57. Qh6+ Kd5 58. Qh5+ Ne5 59. g5 Qg4 60. Qxg4 Nxg4 61. f3 Ne3+ 62. Ke1 Kd4 63. g6 Nf5 64. Kd2 Kc4 0-1

[Event "CZE-chT1E 1213"]
[Site "Czech Republic"]
[Date "2013.04.21"]
[Round "11.8"]
[White "Krejci, Jan"]
[Black "Zatloukal, Petr"]
[Result "1-0"]
[WhiteElo "2199"]
[BlackElo "2160"]
[PlyCount "63"]
[EventDate "2012.10.21"]
[EventType "team-tourn"]
[EventRounds "11"]
[EventCountry "CZE"]
[SourceTitle "EXT 2014"]
[Source "ChessBase"]
[SourceDate "2013.11.20"]
[SourceVersion "1"]
[SourceVersionDate "2013.11.20"]
[SourceQuality "1"]
[WhiteTeam "Litovel II"]
[BlackTeam "Grygov II"]
[WhiteTeamCountry "CZE"]
[BlackTeamCountry "CZE"]

1. Nf3 Nf6 2. c4 g6 3. b3 Bg7 4. Bb2 0-0 5. g3 b6 6. Bg2 Bb7 7. 0-0 c5 8. e3 d5 9. d4 Ne4 10. Nbd2 e6 11. Qc2 Nd7 12. cxd5 exd5 13. Nxe4 dxe4 14. Ne5 cxd4 15. exd4 Rc8 16. Qe2 f5 17. Nc4 Ba6 18. Rac1 Nf6 19. Rfd1 Bh6 20. Rb1 Nd5 21. f4 Re8 22. h4 Bf8 23. a3 Re6 24. Rbc1 Rec6 25. Bf1 Qc7 26. Qe1 Bg7 27. Ne5 Bxe5 28. Rxc6 Qxc6 29. Bxa6 Bxf4 30. gxf4 Nxf4 31. Rc1 Qxc1 32. Bxc1 1-0

[Event "CZE-chT1E 1213"]
[Site "Czech Republic"]
[Date "2013.01.13"]
[Round "5.6"]
[White "Zatloukal, Petr"]
[Black "Kubos, Rostislav"]
[Result "1/2-1/2"]
[WhiteElo "2160"]
[BlackElo "2215"]
[PlyCount "53"]
[EventDate "2012.10.21"]
[EventType "team-tourn"]
[EventRounds "11"]
[EventCountry "CZE"]
[SourceTitle "EXT 2014"]
[Source "ChessBase"]
[SourceDate "2013.11.20"]
[SourceVersion "1"]
[SourceVersionDate "2013.11.20"]
[SourceQuality "1"]
[WhiteTeam "Grygov II"]
[BlackTeam "Orlova Slavia"]
[WhiteTeamCountry "CZE"]
[BlackTeamCountry "CZE"]

1. e4 c5 2. Nc3 g6 3. g3 Bg7 4. Bg2 Nc6 5. d3 d6 6. Be3 Rb8 7. Qd2 b5 8. Nge2 Nd4 9. 0-0 b4 10. Nd1 Bd7 11. c3 Nxe2+ 12. Qxe2 Nf6 13. cxb4 Rxb4 14. Bd2 Rb8 15. Bc3 0-0 16. Ne3 Ne8 17. Qd2 Bxc3 18. bxc3 Nf6 19. Rab1 Qa5 20. Rb2 Be6 21. Rfb1 Rb6 22. Rxb6 axb6 23. Nc4 Bxc4 24. dxc4 Qa4 25. Qe2 Nd7 26. f4 Nb8 27. Qe1 1/2-1/2

[Event "CZE-chT2F 0910"]
[Site "Czech Republic"]
[Date "2010.01.31"]
[Round "6.7"]
[White "Zatloukal, Petr"]
[Black "Pan, Vladimir"]
[Result "1-0"]
[WhiteElo "2090"]
[BlackElo "2003"]
[PlyCount "53"]
[EventDate "2009.10.18"]
[EventType "team-tourn"]
[EventRounds "11"]
[EventCountry "CZE"]
[SourceTitle "EXT 2012"]
[Source "ChessBase"]
[SourceDate "2011.11.24"]
[SourceVersion "1"]
[SourceVersionDate "2011.11.24"]
[SourceQuality "1"]
[WhiteTeam "Grygov II"]
[BlackTeam "Bruntal"]
[WhiteTeamCountry "CSR"]
[BlackTeamCountry "CZE"]

1. e4 c5 2. Nc3 d6 3. g3 Nc6 4. Bg2 e5 5. d3 Be7 6. Nd5 Nf6 7. Nxe7 Qxe7 8. Ne2 Bg4 9. f3 Bd7 10. Nc3 h6 11. Be3 Nd4 12. Qd2 b5 13. 0-0 0-0 14. h3 Bc6 15. Rae1 Rad8 16. Qf2 b4 17. Nd1 Kh7 18. c3 Ne6 19. f4 exf4 20. gxf4 Qd7 21. Qh4 Ng8 22. f5 Nc7 23. f6 g6 24. Nf2 h5 25. Bf3 Qe6 26. Bg5 Nh6 27. Bxh5 1-0

[Event "Valasska Bystrice op"]
[Site "Valasska Bystrice"]
[Date "2009.09.19"]
[Round "9"]
[White "Zatloukal, Petr"]
[Black "Belunek, Vladimir"]
[Result "1-0"]
[WhiteElo "2090"]
[BlackElo "2277"]
[PlyCount "91"]
[EventDate "2009.09.12"]
[EventType "swiss"]
[EventRounds "9"]
[EventCountry "CZE"]
[SourceTitle "CBM 132 Extra"]
[Source "ChessBase"]
[SourceDate "2009.11.03"]
[SourceVersion "1"]
[SourceVersionDate "2009.11.03"]
[SourceQuality "1"]

1. e4 g6 2. d4 d6 3. Nc3 Bg7 4. Be3 a6 5. a4 b6 6. Qd2 Nd7 7. Nf3 c5 8. Bc4 e6 9. Rd1 Bb7 10. 0-0 h6 11. h3 Ne7 12. Rfe1 g5 13. Qe2 Qc7 14. Rd2 Ng6 15. Red1 Nf6 16. dxc5 dxc5 17. Nxg5 hxg5 18. Bxg5 Qe5 19. Bb5+ Kf8 20. Rd8+ Ne8 21. Rxa8 Bxa8 22. Rd8 f6 23. Bxe8 Qxg5 24. Qd3 Bd5 25. Bxg6+ Ke7 26. Nxd5+ exd5 27. Rxd5 Qc1+ 28. Qd1 Bh6 29. Qxc1 Bxc1 30. b3 Bf4 31. Bf5 Bd6 32. g3 b5 33. a5 b4 34. Kg2 Rb8 35. h4 Rh8 36. Kf3 Rh6 37. Ke3 Rh8 38. f4 Rd8 39. h5 Bc7 40. Rxd8 Bxd8 41. h6 Kf7 42. h7 Kg7 43. Kd3 Bxa5 44. Kc4 Bb6 45. Kd5 a5 46. Kc6 1-0

[Event "Valasska Bystrice op"]
[Site "Valasska Bystrice"]
[Date "2009.09.16"]
[Round "6"]
[White "Zatloukal, Petr"]
[Black "Rucka, Petr"]
[Result "1-0"]
[WhiteElo "2090"]
[BlackElo "1967"]
[PlyCount "33"]
[EventDate "2009.09.12"]
[EventType "swiss"]
[EventRounds "9"]
[EventCountry "CZE"]
[SourceTitle "CBM 132 Extra"]
[Source "ChessBase"]
[SourceDate "2009.11.03"]
[SourceVersion "1"]
[SourceVersionDate "2009.11.03"]
[SourceQuality "1"]

1. e4 e6 2. d4 d5 3. e5 c5 4. c3 Nc6 5. Nf3 Qb6 6. a3 cxd4 7. cxd4 Nge7 8. b4 Nf5 9. Be3 Bd7 10. Bd3 Be7 11. 0-0 h6 12. Nc3 Nh4 13. Nxh4 Bxh4 14. Na4 Qd8 15. Nc5 Rb8 16. Qg4 Bg5 17. f4 1-0

[Event "CZE-chT2E 0809"]
[Site "Czech Republic"]
[Date "2008.12.21"]
[Round "5.4"]
[White "Zatloukal, Petr"]
[Black "Sojka, Ales"]
[Result "1/2-1/2"]
[WhiteElo "2096"]
[BlackElo "2119"]
[PlyCount "77"]
[EventDate "2008.10.12"]
[EventType "team-tourn"]
[EventRounds "11"]
[EventCountry "CZE"]
[SourceTitle "EXT 2010"]
[Source "ChessBase"]
[SourceDate "2010.11.25"]
[SourceVersion "1"]
[SourceVersionDate "2010.11.25"]
[SourceQuality "1"]
[WhiteTeam "Grygov II"]
[BlackTeam "Holesov"]
[WhiteTeamCountry "CZE"]
[BlackTeamCountry "CZE"]

1. e4 c6 2. d4 d5 3. exd5 cxd5 4. c3 Nc6 5. Nf3 Nf6 6. Bf4 Bg4 7. Qb3 Na5 8. Qa4+ Bd7 9. Qd1 a6 10. Ne5 e6 11. Nd2 Rc8 12. Bd3 Qb6 13. Nxd7 Nxd7 14. Rb1 Bd6 15. Bxd6 Qxd6 16. Qg4 0-0 17. Qh3 h6 18. 0-0 Qf4 19. Rbd1 b5 20. g3 Qf6 21. Bb1 Nb6 22. f4 Na4 23. g4 g6 24. f5 exf5 25. Qxh6 Nxb2 26. Rc1 Na4 27. gxf5 Rxc3 28. fxg6 Qg7 29. Qh7+ Qxh7 30. gxh7+ Kg7 31. Rce1 Rc7 32. Bf5 Nc4 33. Nxc4 bxc4 34. Kf2 Nb2 35. Rg1+ Kh8 36. Rg3 Nd3+ 37. Bxd3 cxd3 38. Rxd3 Rb8 39. Re2 1/2-1/2

[Event "CZE-chT2E 0809"]
[Site "Czech Republic"]
[Date "2008.11.09"]
[Round "2.6"]
[White "Zatloukal, Petr"]
[Black "Studeny, Radovan"]
[Result "0-1"]
[WhiteElo "2096"]
[BlackElo "2008"]
[PlyCount "98"]
[EventDate "2008.10.12"]
[EventType "team-tourn"]
[EventRounds "11"]
[EventCountry "CZE"]
[SourceTitle "EXT 2010"]
[Source "ChessBase"]
[SourceDate "2010.11.25"]
[SourceVersion "1"]
[SourceVersionDate "2010.11.25"]
[SourceQuality "1"]
[WhiteTeam "Grygov II"]
[BlackTeam "Stare Mesto III"]
[WhiteTeamCountry "CZE"]
[BlackTeamCountry "CZE"]

1. e4 e5 2. Nf3 Nc6 3. Nc3 Nf6 4. d4 exd4 5. Nxd4 Bb4 6. Nxc6 Bxc3+ 7. bxc3 bxc6 8. Bd3 Qe7 9. 0-0 0-0 10. Bg5 h6 11. Bh4 g5 12. Bg3 Nxe4 13. Qh5 Kg7 14. Bxe4 Qxe4 15. Rfe1 Qxc2 16. Bxc7 Qg6 17. Qd1 d5 18. Qd4+ f6 19. Re7+ Rf7 20. Rae1 Bd7 21. h3 Re8 22. Rxe8 Bxe8 23. Qxa7 Bd7 24. Qa5 Qc2 25. Bb6 Qd2 26. Re3 Bf5 27. Bd4 Be4 28. f3 Bb1 29. Qd8 Bh7 30. Qe8 Qxa2 31. Bxf6+ Kxf6 32. Qh8+ Kg6 33. Re6+ Kh5 34. g4+ Kh4 35. Rxh6+ Kg3 36. Qe5+ Kxf3 37. Rf6+ Rxf6 38. Qxf6+ Kg3 39. Qd6+ Kf3 40. Qf6+ Kg3 41. Qd6+ Kxh3 42. Qh6+ Kg3 43. Qd6+ Kf3 44. Qf6+ Kxg4 45. Qxc6 Qb1+ 46. Kf2 Qc2+ 47. Ke1 Qe4+ 48. Kd2 Bf5 49. Qc5 Kf3 0-1